书目信息 |
| 题名: |
桥梁工程(上)
|
|
| 作者: | 周水兴 , 向中富 主编 | |
| 分册: | 上 | |
| 出版信息: | 乌鲁木齐 新疆大学出版社 2001.10 |
|
| 页数: | 242页 | |
| 开本: | 26cm | |
| 丛书名: | ||
| 单 册: | ||
| 中图分类: | U44-43 | |
| 科图分类: | ||
| 主题词: | 桥涵工程 | |
| 电子资源: | ||
| ISBN: | 7-5631-1389-4 | |
| 000 | 00626nam0 2200205 45 | |
| 001 | 0233970658 | |
| 005 | 20041203104435.34 | |
| 010 | @a7-5631-1389-4@dCNY 23.00 | |
| 100 | @a20021202d2001 km y0chiy0120 ea | |
| 101 | 0 | @achi |
| 102 | @aCN@b650000 | |
| 200 | 1 | @a桥梁工程(上)@Aqiao liang gong cheng(shang)@h上@f周水兴,向中富主编@Fzhou shui xing,xiang zhong fu zhu bian |
| 210 | @a乌鲁木齐@c新疆大学出版社@d2001.10 | |
| 215 | @a242页@d26cm | |
| 606 | 0 | @a桥涵工程 |
| 690 | @aU44-43@v3 | |
| 701 | 0 | @a周水兴@Azhou shui xing@4主编 |
| 701 | 0 | @a向中富@Axiang zhong fu@4主编 |
| 801 | 0 | @aCN@bPFT@c20041203 |
| 905 | @dU44-43@eZ790:1 | |
| 桥梁工程(上).上/周水兴,向中富主编.-乌鲁木齐:新疆大学出版社,2001.10 |
| 242页;26cm |
| ISBN 7-5631-1389-4:CNY 23.00 |
| ● |
| 相关链接 |
|
|
|
正题名:桥梁工程(上)
索取号:U44-43/Z790:1
 
预约/预借
| 序号 | 登录号 | 条形码 | 馆藏地/架位号 | 状态 | 备注 |
| 1 | 361733 | 203617336 | 自科库501/501自科库 83排2列4层/ [索取号:U44-43/Z790:1] | 在馆 | |
| 2 | 361734 | 203617345 | 自科库501/ [索取号:U44-43/Z790:1] | 在馆 | |
| 3 | 361735 | 203617354 | 自科库501/501自科库 83排2列4层/ [索取号:U44-43/Z790:1] | 在馆 | |
| 4 | 429826 | 204298269 | 市政与环境工程学院资料室/ [索取号:U44-43/Z790:1] | 在馆 | |
| 5 | 429827 | 204298278 | 市政与环境工程学院资料室/ [索取号:U44-43/Z790:1] | 在馆 | |
| 6 | 429828 | 204298287 | 市政与环境工程学院资料室/ [索取号:U44-43/Z790:1] | 在馆 |